000 02587cam a2200541 i 4500
001 xx004886277
003 NUKAT
005 20260430133337.0
008 200617s2020 pl |001 0 pol c
020 _a9788380988903
_q(oprawa twarda) :
_czł 45,00
035 _a(OCoLC)1164098302
035 _a(NUKAT)xx004886277
040 _aŁ U/ek
_bpol
_erda
_cŁ U/ek
_dŁ U/ek
_dGD U/AEKs
_dKAT U/DLs
_dWA 14/PTs
_dKR 253/MH
_dŁ U/bb
_dOLSZT 008/bak
045 2 _bd1950
_bd1990
046 _k2020
099 _aja2020007501
245 0 0 _aUrząd do spraw Wyznań :
_bstruktury, działalność, ludzie.
_nT. 1,
_pStruktury wojewódzkie i wybrane aspekty działalności /
_cpod redakcją Rafała Łatki ; Instytut Pamięci Narodowej - Komisja Ścigania Zbrodni przeciwko Narodowi Polskiemu.
260 _aWarszawa :
_bInstytut Pamięci Narodowej. Komisja Ścigania Zbrodni przeciwko Narodowi Polskiemu,
_c2020.
300 _a520 stron ;
_c25 cm.
336 _aTekst
_btxt
_2rdacontent
337 _aBez urządzenia pośredniczącego
_bn
_2rdamedia
338 _aWolumin
_bnc
_2rdacarrier
380 _aKsiążki
380 _aPublikacje naukowe
388 1 _a2001-
490 1 _aCentralny Projekt Badawczy IPN Władze Komunistyczne Wobec Kościołów i Związków Wyznaniowych w Polsce 1944-1989
490 1 _aUrząd ds. Wyznań: Struktury, Działalność, Ludzie
500 _aNa stronie przytytułowej informacja: Publikacja powstała w ramach serii wydawniczej "Urząd ds. Wyznań: Struktury, Działalność, Ludzie" (red. naukowy serii dr Rafał Łatka).
504 _aBibliografia przy rozdziałach. Indeks.
610 2 7 _aUrząd do Spraw Wyznań
_2DBN
_941043
610 1 7 _aPolska.
_bUrząd do spraw Wyznań
_xhistoria.
_2kaba
_915928
648 7 _a1901-2000
_2DBN
_934996
648 7 _a1945-1989
_2DBN
_936043
648 7 _a1989-2000
_2DBN
_936156
650 7 _aInwigilacja
_2DBN
_939780
650 7 _aKościół a państwo
_2DBN
_935883
650 7 _aPRL
_2DBN
_935084
650 7 _aPrześladowania religijne
_2DBN
_937420
651 7 _aPolska
_2DBN
_935076
655 7 _aPraca zbiorowa
_2DBN
_935107
658 _aHistoria
700 1 _aŁatka, Rafał
_d(1985- ).
_eRedakcja
_915865
710 2 _aInstytut Pamięci Narodowej - Komisja Ścigania Zbrodni przeciwko Narodowi Polskiemu.
_eWydawca
_4pbl
_911792
830 0 _aWładze Komunistyczne wobec Kościołów i Związków Wyznaniowych w Polsce 1944-1989
_918363
830 0 _aUrząd do Spraw Wyznań - Struktury, Działalność, Ludzie
_915866
920 _a978-83-8098-890-3 (oprawa twarda) : zł 45,00
942 _2ddc
_cBK_NM
999 _c27905
_d27905